| 000 | 00544nam a2200205Ia 4500 | ||
|---|---|---|---|
| 005 | 20250923145947.0 | ||
| 008 | 008 250917s9999 xx 000 0 eng d | ||
| 037 | _aTextual | ||
| 040 |
_aDSWL _beng _cDSWL |
||
| 041 |
_aeng _2eng |
||
| 084 |
_aS:5, N95 _qDSWL |
||
| 100 |
_aGoleman, D. _9840745 |
||
| 245 | 0 |
_aEmotional Intelligence _c by D. Goleman |
|
| 260 |
_aNew York _b Bantam Books _c1996 |
||
| 300 | _axv,413 p. | ||
| 365 |
_aINR _b210.00 |
||
| 925 | _g210.00 | ||
| 942 |
_cTEXL _hS:5, N95 |
||
| 999 |
_c1457842 _d1457842 |
||